Koncepčný návrh kolesového reduktora MPS

Gespeichert in:
Bibliographische Detailangaben
1. Verfasser: Zharikov, Artem (Verfasst von)
Weitere Verfasser: Protasov, Roman (Betreuung Doktorarbeit)
Format: Manuskript Buch
Sprache:Slowakisch
Veröffentlicht: 2024
Schlagworte:
Online-Zugang:http://is.stuba.sk/zp/portal_zp.pl?podrobnosti=184889
Tags: Tag hinzufügen
Keine Tags, Fügen Sie das erste Tag hinzu!

MARC

LEADER 00000ntm a22000003a 4500
001 stuzp99227
003 SK-STU
005 20241120102153.5
007 ta
008 150427s2015----xo-----f-mn---000-0-slo-d
040 |a STU  |b slo 
041 0 |a slo 
100 1 |a Zharikov, Artem  |u 020030  |4 aut  |U SjF Strojnícka fakulta  |T SjF Ústav automobilového inžinierstva a konštruovania  |X 106199  |U J0030  |Y 806  |7 106199 
242 0 1 |a Conceptual design of the MPS wheel reducer  |y eng 
245 1 0 |a Koncepčný návrh kolesového reduktora MPS 
260 |c 2024 
650 4 |a reduktor  |2 slo 
650 4 |a planétová predovka  |2 slo 
650 4 |a kolesový reduktor  |2 slo 
650 4 |a traktor  |2 slo 
650 4 |a planetary gearbox  |2 eng 
650 4 |a wheel reducer  |2 eng 
650 4 |a tractor  |2 eng 
650 4 |a reducer  |2 eng 
700 1 |a Protasov, Roman  |u 020030  |k Z1  |4 ths  |U SjF Strojnícka fakulta  |T SjF Ústav automobilového inžinierstva a konštruovania  |X 101680  |U J0030  |Y 806  |7 101680 
856 4 |u http://is.stuba.sk/zp/portal_zp.pl?podrobnosti=184889 
996 |b 284J047689  |c J* 3784/DBP  |l JJSK  |s A  |a 24  |w stuzp99227_0001